000 00438nam a22001817a 4500
003 MPLRDC
005 20220104143719.0
008 210129b ||||| |||| 00| 0 eng d
020 _a983-9377-13-2
082 _a868.71 YN-6
100 _a叶宁
245 _a吃在吉隆坡2000-2001
_c
250 _a初版
260 _a
_b丹袖出版社
_c2000
300 _b
650 _a马来西亚美食介绍
942 _cBK
_o868.71 YN-6
999 _c42610
_d42600